000 00367nam a2200145Ia 4500
008 230917s9999||||xx |||||||||||||| ||und||
040 _e44450
_aMAIN
041 _aEnglish
082 _a297.63 M895G:L
100 _aGlubb, John Bagot
245 4 _aThe life and times of Muhammad
260 _aLondon
_bHodder And Stoughton
_c1979
300 _a415 p.
942 _cBK
999 _c231133
_d231133